IPD UK quarterly index fourth quarter (Record no. 106469)

MARC details
000 -LEADER
fixed length control field 00957cam a2200205 4500
001 - CONTROL NUMBER
control field L136667
008 - FIXED-LENGTH DATA ELEMENTS--GENERAL INFORMATION
fixed length control field 070214n2006 000 0 eng u
035 ## - SYSTEM CONTROL NUMBER
System control number (Sirsi) u136667
041 0# - LANGUAGE CODE
Language code of text/sound track or separate title eng
110 2# - MAIN ENTRY--CORPORATE NAME
Corporate name or jurisdiction name as entry element Investment Property Databank
9 (RLIN) 2288
245 00 - TITLE STATEMENT
Title IPD UK quarterly index fourth quarter
Medium [electronic resource]
260 ## - PUBLICATION, DISTRIBUTION, ETC.
Place of publication, distribution, etc. London
Name of publisher, distributor, etc. IPD
Date of publication, distribution, etc. 2006
490 #0 - SERIES STATEMENT
Series statement IPD UK Quarterly Index
Volume/sequential designation Q4 2006
520 ## - SUMMARY, ETC.
Summary, etc. Reports total return at 3.7% in the fourth quarter 2006, with income return at 1.2% and capital growth at 2.5%. Show offices to be the best performing of the commercial property sectors, with the highest capital growth. The industrial property sector reported the highest rental income yields.
590 ## - LOCAL NOTE (RLIN)
Local note KA
651 #4 - SUBJECT ADDED ENTRY--GEOGRAPHIC NAME
Geographic name United Kingdom
Chronological subdivision
690 ## - LOCAL SUBJECT ADDED ENTRY--TOPICAL TERM (OCLC, RLIN)
Topical term or geographic name as entry element PROPERTY-COMMERCIAL PROPERTY-COMMERCIAL PROPERTY FINANCE AND INVESTMENT
856 40 - ELECTRONIC LOCATION AND ACCESS
Uniform Resource Identifier <a href="https://www.ipdglobal.com/">https://www.ipdglobal.com/</a>
Public note View the item free of charge at www.ipdglobal.com...
942 ## - ADDED ENTRY ELEMENTS (KOHA)
Suppress in OPAC 0
Holdings
Withdrawn status Lost status Source of classification or shelving scheme Damaged status Not for loan Home library Current library Shelving location Date acquired Total Checkouts Full call number Barcode Date last seen Copy number Price effective from Koha item type
    Dewey Decimal Classification     Virtual Virtual Online 14/02/2007   ONLINE PUBLICATION 136667-1001 06/08/2019 1 06/08/2019 Book